000
00345nam a2200157Ia 4500
100
_a
None
650
_a
Electrical Engineering
942
_c
RB
654
_a
Transistors
245
_a
Transistors How To Test Them
260
_b
D.B. Tarapore vala
_a
Bombay
_c
1969
082
_a
621.3
_b
Tar
300
_a
90
546
_a
ENGLISH
999
_c
24746
_d
24746